书目信息 |
| 书名: | Mass immigration and the national interest | |
| 作者: | Vernon M. Briggs Jr. | |
| 分册号: | ||
| 分册名: | 出版地: | Armonk, N.Y. : |
|
| 出版社: | M.E. Sharpe | |
| 出版时间: | c1992. | |
| 页数: | ix, 275 p. ; | |
| 开本: | 24 cm. | |
| 丛书名: | Labor and human resources series | |
| 中图分类号: | ||
| 科图分类号: | ||
| 其他分类号: | C97 | |
| 主题词: | ||
| 电子资源: | ||
| 000 | 01282cam a2200325 a 450 | |
| 001 | E0733667454 | |
| 005 | 20070506092531.31 | |
| 008 | 920428s1992 nyu b 001 0 eng | |
| 010 | @a92016927 | |
| 020 | @a1563241706 (alk. paper) :@c$49.95. | |
| 020 | @a1563241714 (pbk. : alk. paper) :@c$19.95. | |
| 035 | @A(DLC) 92016927 | |
| 040 | @aDLC@cDLC@dDLC | |
| 043 | @an-us--- | |
| 050 | 00 | @aJV6493@b.B75 1992 |
| 082 | 00 | @a325.73@2 20 |
| 090 | @aC97 | |
| 099 | @dC97@ex2 | |
| 100 | 1 | @aBriggs, Vernon M. |
| 245 | 10 | @aMass immigration and the national interest / @cVernon M. Briggs Jr. |
| 260 | @aArmonk, N.Y. :@bM.E. Sharpe,@cc1992. | |
| 300 | @aix, 275 p. ;@c24 cm. | |
| 440 | 0 | @aLabor and human resources series |
| 504 | @aIncludes bibliographical references and index. | |
| 650 | 0 | @aLabor market@zUnited States@xHistory. |
| 650 | 0 | @aAlien labor@zUnited States@xHistory. |
| 651 | 0 | @aUnited States@xEmigration and immigration@xGovernment policy@xHistory. |
| 906 | @a7@bcbc@corignew@d1@eocip@f19@gy-gencatlg | |
| 955 | @apc05 to ea00 04-28-92; ea07 to CIP (series) 04-29-92; pc18 return to ea07 05-05-92; ea07 to SCD 05-05-92; fe07 05-08-92; fl40 05-12-92; CIP ver. sf08 08-07-92 | |
| 991 | @bc-GenColl@hJV6493@i.B75 1992@p00016954950@tCopy 1@wBOOKS | |
| Mass immigration and the national interest / / Vernon M. Briggs Jr.-Armonk, N.Y. : : M.E. Sharpe, , c1992. |
| ix, 275 p. ; ; 24 cm.- (Labor and human resources series ) |
| Includes bibliographical references and index. |
| ISBN 1563241706 (alk. paper) :$49.95. |
| ● |
| 相关链接 |
|
|
|
|
正题名:Mass immigration and the national interest
索取号:C97/x2
 
预约/预借
| 序号 | 登录号 | 条形码 | 馆藏地/架位号 | 状态 | 备注 |
| 1 | 7261 | 300072613 | 第二样本阅览室/ [索取号:C97/x2] | 在馆 | |
| 2 | 7262 | 300072622 | 密集书库/ [索取号:C97/x2] | 在馆 | |
| 3 | 7263 | 300072631 | 第四借阅区/ [索取号:C97/x2] | 在馆 | |
| 4 | 7264 | 300072640 | 第四借阅区/ [索取号:C97/x2] | 在馆 | |
| 5 | 7265 | 300072659 | 密集书库/ [索取号:C97/x2] | 在馆 |